| 000 | 00593nam a2200193 a 4500 | ||
|---|---|---|---|
| 005 | 20210219150156.0 | ||
| 008 | 991125s1991 mx 000 0 spa u | ||
| 020 | _a9681838874 | ||
| 035 | _aUPN01000008848 | ||
| 049 | _aCG | ||
| 050 | 4 |
_aR708 _bV52 |
|
| 100 | 1 | _aViniegra Velázquez, Leonardo | |
| 245 | 1 | 0 |
_aCómo acercarse a la medicina / _cLeonardo Viniegra Velázquez. |
| 260 |
_aMéxico : _bCNCA : _bGobierno del Estado de Quéretaro, _c1991. |
||
| 300 |
_a222 p. : _bil. |
||
| 440 | 0 | _aCómo acercarse a | |
| 650 | 4 |
_aMEDICINA - _vDISCURSOS, ENSAYOS, CONFERENCIAS, ETC. |
|
| 905 | _aLibro | ||
| 999 |
_c8848 _d8848 |
||